[Event "Aguadilla De Diego Cup 18th"]
[Site "Aguadilla"]
[Date "2021.04.17"]
[Round "2"]
[White "Zilleruelo Irizarry, Diego"]
[Black "Aneses Bocanegra, Omar"]
[Result "1-0"]
[WhiteElo "2106"]
[BlackElo "1863"]
[PlyCount "55"]
[EventDate "2021.04.16"]
[EventType "swiss"]
[EventRounds "5"]
[EventCountry "PUR"]
[SourceTitle "EXT 2022"]
[Source "ChessBase"]
[SourceDate "2021.10.06"]
[SourceVersion "1"]
[SourceVersionDate "2021.10.06"]
[SourceQuality "1"]

1. e4 e6 2. d4 d5 3. Nd2 Be7 4. Bd3 Nf6 5. e5 Nfd7 6. Ne2 c5 7. c3 Nc6 8. 0-0 Qb6 9. Nf3 h6 10. Re1 a5 11. Bc2 Qc7 12. h3 b5 13. Nf4 Nb6 14. Nh5 g6 15. Nf6+ Kd8 16. dxc5 Nd7 17. Nxd7 Bxd7 18. Nd4 Bxc5 19. Nxb5 Qb6 20. Nd4 Nxd4 21. cxd4 Bxd4 22. Qf3 Kc7 23. Rb1 Qb4 24. Re2 Qe7 25. Bb3 Bb5 26. Rc2+ Kb6 27. a4 Qb4 28. Bd2 1-0

[Event "San Sebastian Mendez Memorial op-A 1st"]
[Site "San Sebastian del Pepino"]
[Date "2014.01.18"]
[Round "3"]
[White "Aneses Bocanegra, Omar"]
[Black "Nunez Velez, Walter"]
[Result "1/2-1/2"]
[WhiteElo "1934"]
[BlackElo "1988"]
[PlyCount "31"]
[EventDate "2014.01.17"]
[EventType "swiss"]
[EventRounds "7"]
[EventCountry "PUR"]
[SourceTitle "CBM 158 Extra"]
[Source "ChessBase"]
[SourceDate "2014.02.28"]
[SourceVersion "1"]
[SourceVersionDate "2014.02.28"]
[SourceQuality "1"]

1. d4 Nf6 2. c4 g6 3. Nc3 Bg7 4. e4 d6 5. h3 0-0 6. Be3 e5 7. d5 Na6 8. Nf3 Nh5 9. g3 Qe8 10. Be2 f5 11. exf5 gxf5 12. Nd2 f4 13. Bxh5 Qe7 14. Nde4 fxe3 15. fxe3 Bf5 16. Qe2 1/2-1/2